Miscelánea : Excmo. Doctor José Morera en su octogésimo aniversario Excmo. Doctor José Morera en su octogésimo aniversario
Publicado:
San Cugat del Vallés :
Instituto Internacional de Cultura Románica de la Excma. Diputación Provincial de Barcelona ,
1967
Descripción Física:
251 p. ; 25 cm
Colección:
Biblioteca filológica-histórica ; 21
Materias:
Literatura religiosa -- S. XX
MARC
| LEADER | 00000nam a2200000Ia 4500 | ||
|---|---|---|---|
| 001 | 1664 | ||
| 008 | 160829s1967 xx 000 0 cat d | ||
| 080 | |a F-1-3 | ||
| 100 | |a Morera Sabater, José |9 25175 | ||
| 245 | |a Miscelánea : |b Excmo. Doctor José Morera en su octogésimo aniversario | ||
| 260 | |a San Cugat del Vallés : |b Instituto Internacional de Cultura Románica de la Excma. Diputación Provincial de Barcelona, |c 1967 | ||
| 300 | |a 251 p. ; |c 25 cm | ||
| 490 | |a Biblioteca filológica-histórica ; 21 | ||
| 650 | |a Literatura religiosa |x S. XX |9 25176 | ||
| 710 | 2 | |a Instituto Internacional de Cultura Románica |9 54313 | |
| 901 | |a Arxiu | ||
| 942 | |n 1 | ||
| 952 | |0 0 |1 0 |4 0 |6 F13 |7 1 |9 43483 |a Arxiu |b Arxiu |d 2016-12-01 |l 0 |o F-1-3 |p 1664 |r 2016-12-01 00:00:00 |w 2016-12-01 |y ARXIU | ||
| 999 | |c 46029 |d 46029 | ||